000 00582nam a2200157 a 4500
008 120416s0000 ||||||||||||||||| || u
020 _a0946679029
050 _aHF 5719 Wai
100 _aWainwright, Gordon R
245 1 0 _aReport writing
246 _aa new practical guide to effective report writing, presented in report form
260 _aLondon
_bManagement Update
_c1984
300 _a108p. : ill
350 _a0.00
995 _D0.00
_FCBU-MAIN LIBRARY (Kitwe)
_H1
_I9.95
_M1
_UAVAILABLE
_ZMain Library Open Access Collection
999 _c56246
_d56246